00382nam a22001217a 4500003000200000005001700002008004100019050002300060245004400083260008000127300003000207500002300237020221001101208.0221001b xxu||||| |||| 00| 0 eng d aHF 5530b.L38 2018 aPoint of sale systemcOmar R. Latip Jr. aLas Pinas, PhilippinesbSouthville International School and CollegescC2018 aiii, 104ppc28cm.fTheses aPoint sale system.